12 x 12 Vermenigvuldigingstabel in 2 minuten - Statistieken

Algemene statistieken
  • Deze quiz is 42 keer genomen
  • De gemiddelde score is 121 van 144
Antwoordstatistieken
Antwoord % Correct
1
100%
10
100%
10
100%
10
100%
11
100%
12
100%
12
100%
12
100%
12
100%
12
100%
14
100%
15
100%
15
100%
16
100%
16
100%
18
100%
18
100%
18
100%
2
100%
2
100%
20
100%
20
100%
20
100%
21
100%
22
100%
24
100%
24
100%
24
100%
24
100%
25
100%
27
100%
28
100%
3
100%
3
100%
30
100%
30
100%
32
100%
33
100%
35
100%
36
100%
36
100%
4
100%
4
100%
4
100%
40
100%
40
100%
44
100%
45
100%
48
100%
5
100%
5
100%
50
100%
55
100%
6
100%
6
100%
6
100%
6
100%
60
100%
7
100%
8
100%
8
100%
8
100%
9
100%
9
100%
30
96%
36
96%
42
96%
48
96%
54
96%
60
96%
66
96%
72
96%
14
91%
21
91%
28
91%
35
91%
7
91%
16
87%
24
87%
32
87%
42
87%
49
87%
56
87%
63
87%
70
87%
77
87%
8
87%
84
87%
40
83%
48
83%
56
83%
64
83%
72
83%
80
83%
88
83%
9
78%
96
78%
10
74%
100
74%
11
74%
110
74%
120
74%
20
74%
30
74%
40
74%
50
74%
60
74%
70
74%
80
74%
90
74%
18
70%
22
70%
27
70%
33
70%
36
70%
44
70%
45
70%
54
70%
55
70%
66
70%
77
70%
88
70%
99
70%
63
65%
72
65%
81
65%
90
65%
99
65%
108
61%
110
61%
121
52%
132
48%
12
39%
24
39%
36
35%
48
35%
60
30%
72
30%
84
30%
96
30%
108
17%
120
17%
132
17%
144
17%
Geen overeenkomende quizzen gevonden
Scoreverdeling
Procent van Mensen met Elke Score
Percentiel versus Aantal Correcte Antwoorden
Uw Scoregeschiedenis
U heeft deze quiz nog niet genomen